000 00634nam a2200253 a 4500
003 AR-BaBNM
005 20251128203155.0
008 082120s2002 ||||||||||||||000 | spa||
040 _cAR-BaBNM
100 1 _aCastillo, Renée del
245 0 0 _aIfrán Rojas
_bnovela
260 _aBuenos Aires
_bPlus Ultra
_c1984
300 _a251 p.
490 0 _aNuestros novelistas
650 4 _aLITERATURA ARGENTINA
650 4 _aNOVELAS
650 4 _aLITERATURA FOLKLORICA
650 4 _aESCRITORES
650 4 _aLITERATURA CONTEMPORANEA
653 _aLITERATURA GAUCHESCA
655 _aLITERATURA
942 _cBK
998 _cMARTIN
999 _c2231
_d2231